COBOL /
Guardado en:
| Autor Principal: | |
|---|---|
| Otros Autores: | |
| Formato: | Libro |
| Idioma: | Spanish English |
| Publicado: |
Buenos Aires :
El Ateneo,
c1979, c1977.
|
| Edición: | 2ª ed. |
| Series: | Sistemas de procesamiento electrónico
|
| Materias: | |
| Etiquetas: |
Agregar Etiqueta
Sin Etiquetas, Sea el primero en etiquetar este registro!
|
| LEADER | 00659nam a22002055a 4500 | ||
|---|---|---|---|
| 001 | MAT.inmabb004980 | ||
| 008 | 080822r19791977ag############000#0#spa#d | ||
| 005 | 20160606173512.0 | ||
| 245 | 1 | 0 | |a COBOL / |c Torgil Ekman, Kenneth Nilsson. |
| 250 | |a 2ª ed. | ||
| 260 | |a Buenos Aires : |b El Ateneo, |c c1979, c1977. | ||
| 300 | |a ix, 149 p. ; |c 23 cm. | ||
| 440 | 0 | |a Sistemas de procesamiento electrónico | |
| 500 | |a Traducción de: COBOL programming : an introduction. | ||
| 100 | 1 | |a Ekman, Torgil. | |
| 700 | 1 | |a Nilsson, Kenneth. | |
| 084 | |a 68N15 |2 msc2000 | ||
| 650 | 0 | |a COBOL (Computer program language) | |
| 041 | 1 | |a spa |h eng | |
| 859 | |h 68 |i Ek36-2 |p A-5321 |b BIB. MATEMATICA | ||
